LIBRARY & INFORMATION CENTRE, KCAET, TAVANUR

ONLINE PUBLIC ACCESS CATALOGUE (OPAC)

E V yude Chiriyum Chinthayaum Part I / (Record no. 3803)

MARC details
000 -LEADER
fixed length control field 00459cam a2200181ua 4500
041 ## - LANGUAGE CODE
Language code of text/sound track or separate title mal
082 ## - DEWEY DECIMAL CLASSIFICATION NUMBER
Classification number 894.8127
Item number KRI/EV
100 ## - MAIN ENTRY--AUTHOR NAME
Personal name Krishna Pillai, E V .
245 ## - TITLE STATEMENT
Title E V yude Chiriyum Chinthayaum Part I /
250 ## - EDITION STATEMENT
Edition statement 5 /
260 ## - PUBLICATION, DISTRIBUTION, ETC. (IMPRINT)
Place of publication Kollam :
Name of publisher S T Reddiar & Sons ,
Year of publication 1957.
300 ## - PHYSICAL DESCRIPTION
Number of Pages 173 ; .
942 ## - ADDED ENTRY ELEMENTS (KOHA)
Koha item type Books
Holdings
Withdrawn status Lost status Damaged status Home library Current library Date acquired Full call number Accession Number Koha item type
Withdrawn     KAUAET Malayalam University 07/04/2012 894.8127 5876 Books
free website counter